Smrtící povzbuzení /

Hlavní autor: Adams, Nicholas
Další autoři: Richterová, Daniela
Jazyk: Čeština
Vydáno: Praha : Studio dobré nálady - Kredit, 1992
Vydání: 1. vyd.
Edice: Buldok. Stopy hrůzy (Kredit)
Externí odkaz: Digitalizovaný dokument
Fyzický popis: 140 s. ; 17 cm
Knihy
Uloženo v:
LEADER 01106nam a2200313 a 4500
001 000567728
003 CZ BrMZK
005 20180912105035.0
007 ta
008 921221s1992 xr f 000 m cze d
015 |a cnb000068604 
020 |a 80-85279-51-7  |q (Brož.) 
035 |a (OCoLC)39569581 
040 |a BOA001  |b cze  |c BOA001 
041 1 |a cze  |h eng 
080 |a 82-312.5=850  |2 MRF 
100 1 |a Adams, Nicholas  |7 jo2002104691  |4 aut 
245 1 0 |a Smrtící povzbuzení /  |c Nicholas Adams ; Z angl. orig. přel. Daniela Richterová 
250 |a 1. vyd. 
260 |a Praha :  |b Studio dobré nálady - Kredit,  |c 1992 
300 |a 140 s. ;  |c 17 cm 
490 1 |a Buldok. Stopy hrůzy ;  |v 3 
700 1 |a Richterová, Daniela  |7 ola2006345322  |4 trl 
765 0 |t Pep Rally  |9 Česky 
830 0 |a Buldok.  |p Stopy hrůzy (Kredit)  |0 s 
856 4 1 |u http://www.digitalniknihovna.cz/mzk/uuid/uuid:57a740c0-832e-11e3-a6e0-005056827e52  |y Digitalizovaný dokument  |x NDK 
910 |a BOA001  |b 1-0986.334 
990 |a BK 
996 6 |b 2619505625  |c 1-0986.334  |l MZK  |r Sklad / do 1 hodiny  |n 9  |w 000567728  |u 000010  |a 1  |e BOA001  |j MZK50  |s P